|
|
|
|
| LEADER |
00000naa0a2200000 4500 |
| 001 |
594753 |
| 005 |
20250213104334.0 |
| 035 |
|
|
|a (RuTPU)RU\TPU\tpu\11741
|
| 090 |
|
|
|a 594753
|
| 100 |
|
|
|a 20040304d1975 k||y0rusy50 ca
|
| 101 |
0 |
|
|a rus
|
| 102 |
|
|
|a RU
|
| 200 |
1 |
|
|a Расчет тангенциальной жесткости и перемещения салазок на плоских и У-образных направляющих
|f В. И. Максак
|
| 461 |
|
|
|t Теория трения, износа и смазки
|o тезисы докладов Всесоюзной научной конференции
|
| 463 |
|
|
|t Ч. 3
|v С. 145-146
|d 1975
|
| 610 |
1 |
|
|a тангенциальная жесткость
|
| 610 |
1 |
|
|a мсалазки
|
| 610 |
1 |
|
|a перемещения
|
| 610 |
1 |
|
|a направляющие
|
| 610 |
1 |
|
|a труды учёных ТПУ
|
| 700 |
|
1 |
|a Максак
|b В. И.
|
| 801 |
|
1 |
|a RU
|b 63413507
|c 20040304
|g PSBO
|
| 801 |
|
2 |
|a RU
|b 63413507
|c 20100330
|g PSBO
|
| 942 |
|
|
|c BK
|